Inglewood Investment Co Ltd v Forestry Commission (Record no. 14423)

MARC details
000 -LEADER
fixed length control field 01293cab a2200193 4500
001 - CONTROL NUMBER
control field ABS40101
008 - FIXED-LENGTH DATA ELEMENTS--GENERAL INFORMATION
fixed length control field 090401t1988 xxu||||| |||| 00| 0 eng d
035 ## - SYSTEM CONTROL NUMBER
System control number (Sirsi) u21482
041 ## - LANGUAGE CODE
Language code of text/sound track or separate title eng
245 ## - TITLE STATEMENT
Title Inglewood Investment Co Ltd v Forestry Commission
260 ## - PUBLICATION, DISTRIBUTION, ETC.
Date of publication, distribution, etc. 1988
350 ## - PRICE (NR) (BK AM CF MU VM SE) [OBSOLETE]
Price 0
490 ## - SERIES STATEMENT
Series statement Weekly Law Reports
Volume/sequential designation (1988) 1 WLR 1278-1283(6)
520 ## - SUMMARY, ETC.
Summary, etc. CA 18 October 1988. By an indenture dated 1921 I`s predecessors in title granted a plot of land to F for 99 years subject to a reservation in respect of `all game woodcocks, snipe ... ` and the exclusive right of `hunting shooting and fishing coursing and sporting over and on` the land. I sought a declaration that F was not entitled to hunt or take any deer from the land on the grounds that they fell under the expression `all game`. The court held that what fell under "game" depended upon the usages in existence at the time of the grant and therefore did not include deer. I`s appeal was dismissed. There was no general established definition of the word `game` that included deer and the words of the reservation had to be construed in the context of the particular document.
650 ## - SUBJECT ADDED ENTRY--TOPICAL TERM
Topical term or geographic name entry element SPORTING RIGHTS
690 ## - LOCAL SUBJECT ADDED ENTRY--TOPICAL TERM (OCLC, RLIN)
Topical term or geographic name as entry element MANAGEMENT-BUSINESS MANAGEMENT-INFORMATION MANAGEMENT
942 ## - ADDED ENTRY ELEMENTS (KOHA)
Suppress in OPAC 0
948 ## - LOCAL PROCESSING INFORMATION (OCLC); SERIES PART DESIGNATOR (RLIN)
c (OCLC) 04/03/1997
Holdings
Withdrawn status Lost status Source of classification or shelving scheme Damaged status Not for loan Home library Current library Shelving location Date acquired Total Checkouts Full call number Barcode Date last seen Copy number Price effective from Koha item type
    Dewey Decimal Classification     London London Journal article 14/09/1999   ABS40101 21482-1001 06/08/2019 1 06/08/2019 Law report